000 01504cab a22002535a 4500
001 L159947
008 150113e2018 xxk 000 0 eng d
020 _a9781783212279
041 0 _aeng
050 _a333.3321 $2 18
110 2 _aRoyal Institution of Chartered Surveyors
245 0 4 _aThe valuation of assets in the commercial renewable energy sector
_h[electronic resource]
260 _aLondon
_bRICS
_c2018
490 _aRICS Guidance Note
520 _aIt is intended to assist the valuer in highlighting the main factors that affect the valuation of commercial renewable energy installations and to outline the valuation process and approaches. It does not set out to provide a comprehensive manual for the appraisal of renewable energy installations. However, it does address some of the more complex issues that might arise when assessing the Market Value, Investment Value (Worth), Equitable Value (Fair Value) and Synergistic Value for such assets and seeks to place them in the context of the RICS Valuation Standards and UK valuation practices. Effective 19 April 2018.
650 2 4 _aRENEWABLE ENERGY
650 2 4 _aINVESTMENT VALUE
650 2 4 _aMARKET VALUE
650 2 4 _aFAIR VALUE
651 4 _aUnited Kingdom
690 _aValuation
_96273
856 4 0 _uhttps://www.rics.org/profession-standards/rics-standards-and-guidance/sector-standards/valuation-standards/the-valuation-of-assets-in-the-commercial-renewable-energy-sector
_zAvailable on RICS.org
942 _n0
999 _c116169
_d116169